A loss of focus could cost dear (Record no. 81810)
[ view plain ]
| 000 -LEADER | |
|---|---|
| fixed length control field | 01200cab a22001935a 4500 |
| 001 - CONTROL NUMBER | |
| control field | L148377 |
| 008 - FIXED-LENGTH DATA ELEMENTS--GENERAL INFORMATION | |
| fixed length control field | 090911e20090 xxka f 000 0 eng d |
| 035 ## - SYSTEM CONTROL NUMBER | |
| System control number | (Sirsi) u148377 |
| 041 0# - LANGUAGE CODE | |
| Language code of text/sound track or separate title | eng |
| 100 1# - MAIN ENTRY--PERSONAL NAME | |
| Personal name | Szlezinger, Sam |
| 245 02 - TITLE STATEMENT | |
| Title | A loss of focus could cost dear |
| 260 ## - PUBLICATION, DISTRIBUTION, ETC. | |
| Date of publication, distribution, etc. | 2009 |
| 490 ## - SERIES STATEMENT | |
| Series statement | Estates Gazette |
| Volume/sequential designation | (0924) 20 June 2009, 76-78 (3) |
| 520 ## - SUMMARY, ETC. | |
| Summary, etc. | Competition issues can result from acquisitions in the retail sector and sometimes clearance should be first obtained from the European Commission' Competition Commission (CC) or the Office of Fair Trading (OFT). Two merger control jurisdictions operate in the UK: 1 the European Community Merger Regulation and 2 The UK Merger Control. Also reference to recent examples of retail acquisitions: 1 Cine-UK's proposed acquisition of the lease of a former cinema in North London, referred to the OFT; 2 Tesco's acquisition of a Co-Op store in Slough, referred to the CC; and 3 the acquisition by Home Retail Group (HRG) of 27 Focues stores, investigated by the OFT. |
| 590 ## - LOCAL NOTE (RLIN) | |
| Local note | KA |
| 651 #4 - SUBJECT ADDED ENTRY--GEOGRAPHIC NAME | |
| Geographic name | England and Wales |
| Chronological subdivision | 1543- |
| 690 ## - LOCAL SUBJECT ADDED ENTRY--TOPICAL TERM (OCLC, RLIN) | |
| Topical term or geographic name as entry element | PROPERTY-COMMERCIAL PROPERTY-COMMERCIAL LANDLORD AND TENANT-BUSINESS TENANCIES |
| 942 ## - ADDED ENTRY ELEMENTS (KOHA) | |
| Suppress in OPAC | 0 |
| Withdrawn status | Lost status | Source of classification or shelving scheme | Damaged status | Not for loan | Home library | Current library | Shelving location | Date acquired | Total Checkouts | Full call number | Barcode | Date last seen | Copy number | Price effective from | Koha item type |
|---|---|---|---|---|---|---|---|---|---|---|---|---|---|---|---|
| Dewey Decimal Classification | London | London | Journal article | 11/09/2009 | L148377 | 148377-1001 | 06/08/2019 | 1 | 06/08/2019 | Journal article |